Mort subite - Clubs Vainqueur de la LDC - Statistiques

Statistiques générales
  • Ce quiz a été pris 1 197 fois
  • Le résultat moyen est 14 sur 24
Answers on the Grid
Answers color-coded by a green-red scale on the quiz's grid according to % correct below.
PSG
Atlético Madrid
Olympique Lyonnais
Man. City
AS Roma
Man.United
Chelsea
Newcastle
Liverpool
Aston Villa
Nottingham Forrest
Salzbourg
Galatasaray
Olympique de Marseille
Arsenal
Rangers
Benfica
FC Porto
Sporting Club
Bayern Munich
Borussia Dortmund
Bayer Leverkusen
FC Bâle
Hambourg
Etoile Rouge de Belgrade
AC Milan
Naples SC
Barcelone
Lazio Rome
AS Monaco
Inter Milan
Juventus
Ajax
PSV
Feyenoord
Celtic Glasgow
Steaua Bucarest
Real Madrid
Valence
 
Statistiques - réponses
Réponse % Correct
PSG
98%
Man. City
88%
Chelsea
81%
Man.United
80%
Liverpool
79%
Olympique de Marseille
71%
Nottingham Forrest
69%
Bayern Munich
61%
Real Madrid
61%
Barcelone
60%
AC Milan
59%
Ajax
57%
Aston Villa
56%
Inter Milan
56%
FC Porto
55%
Juventus
55%
Benfica
52%
Borussia Dortmund
51%
Etoile Rouge de Belgrade
48%
Celtic Glasgow
42%
PSV
41%
Steaua Bucarest
38%
Hambourg
35%
Feyenoord
33%
Aucun quiz correspondant
Distribution des résultats
% des personnes avec chaque résultat
Percentile par nombre de réponses
Votre historique - résultats
Vous n’avez pas pris ce quiz